00381nam a2200169Ia 4500008004000000041000800040082001200048100001900060245003100079260004800110440000600158650000800164650000700172650000600179650001200185650001400197210210b1902 xxu||||| |||| 00| 0 eng d aeng a826/157 aSAINTSBURY (G) aHistory of criticism Vol I aEdinburghbWilliam Blackwood and Sonsc1902 aI aVol aof aI aHistory acriticism